| 000 | 00000nam##2200000za#4500 |
| 001 | 9.572600 |
| 003 | CaOODSP |
| 005 | 20220111083116 |
| 007 | cr ||||||||||| |
| 008 | 150406|2000||||xxc|||||o f|0| 0 eng|d |
| 022 | |a1928-6414 |
| 040 | |aCaOODSP|beng |
| 043 | |an-cn--- |
| 086 | 1 |aNE22-1/2000-8E-PDF |
| 110 | 1 |aCanada. |bNational Energy Board. |
| 245 | 10|aRicks Nova Scotia Co.- Ladyfern Pipeline Project : |h[electronic resource]|bapplication dated 19 July 2000 pursuant to section 58 of the National Energy Board Act (the Act) to construct the Ladyfern Pipeline at the British Columbia/Alberta border : GH-3-2000 proceeding, reasons for decision |
| 246 | 1 |iVariant title : |aRicks Nova Scotia Co. (Ricks) |
| 260 | |aCalgary - Alberta : |bNational Energy Board |c20 December 2000. |
| 300 | |a15p.|bmap |
| 490 | 1 |aReasons for decision|x1928-6414|vGH-3-2000 |
| 500 | |aCaption title, p. 2 of 15. Includes Order XG-R029-81-2000, p.13-15 of 15. |
| 590 | |a12-10-Supp|b2012-03-23 |
| 775 | 08|tRicks Nova Scotia Co. - Projet de gazoduc Ladyfern : |w(CaOODSP)9.602945 |
| 776 | 0#|tRicks Nova Scotia Co. - Ladyfern Pipeline Project : |w(CaOODSP)9.615505 |
| 830 | #0|aReasons for decision (Canada. National Energy Board)|x1928-6414|vGH-3-2000|w(CaOODSP)9.504480 |
| 856 | 40|ahttp://publications.gc.ca|qPDF|s189 KB|uhttps://publications.gc.ca/collections/Collection/NE22-1-2000-8E.pdf|yGH-3-2000 |